Регионална библиотека "Любен Каравелов" - Русе

Българската следа (Запис номер 539042)

MARC детайли
000 -Лидер
Лидер 01101nam a2200265 a 4500
003 - Код на организацията, давaща контролен номер
Код на организацията, даваща контролен номер BLK
005 - Дата и час на последна редакция
Дата и час на последна редакция 20250613111233.0
008 - Елементи от данни с фиксирана дължина
Елементи с фиксирана дължина 180411b bul|||||r ||||||| ||bul||
020 ## - Международен стандартен номер на книга ISBN
ISBN 9786191869459
040 ## - Източник на каталожния запис
Код на библиотеката BLK
041 ## - Код за език
Език Български
Език за КДБФ Български
080 ## - УДК
УДК текст Българска литература
УДК код 821.163.2
УДК – код + определител 821.163.2-4
084 ## - Класификационен индекс по друга класификация
Авторски знак Кел - К 50
100 ## - Редна дума - Автор
Автор Кенаров, Димитър Проданов
R(LIN) 487692
245 10 - Сведения за заглавието
Заглавие Българската следа
Авторска отговорност Димитър Кенаров ; прев .от англ. Златко Енев и др.
260 ## - Област на издателските данни
Място на издаване Пловдив
Име на издателя Жанет 45
Година на издаване 2025
300 ## - Физическа характеристика
Брой страници 188 с.
Размер 20 см
380 ## - Жанр
Жанр Худож. лит.
500 ## - Общи забележки
Обща забележка Други прев.: Ангел Игов, Мария П. Василева, Владимир Полеганов, Рада Ганкова, Бистра Андреева, Мария Змийчарова и Владимир Молев.
856 4# - Електронен адрес и достъп
Електронен формат pdf - файл
856 4# - Електронен адрес и достъп
Електронен формат pdf - файл
942 ## - АРТИКУЛИ
Вид на библиотечния документ Книги
Скрит в OPAC Не
Koha issues (borrowed), all copies 1
944 ## - СЪЗДАВАНЕ И РЕДАКЦИЯ на ЗАПИСА
Дата на регистрацията/редакция Нора Радева
Служител, извършил регистрацията/редакцията 30531
Създаване/Редакция
Номер на служител Цветелина Шанова
999 ## - СИСТЕМНИ КОНТРОЛНИ НОМЕРА
Koha biblionumber 539042
Koha biblioitemnumber 539042
Наличности
Код за отписване Код за изгубен артикул Източник на класификационната схема Код за повреда Код за отдаване Артикулен № Име на библиотеката - собственик Име на библиотеката, в която се намира в момента Статус (Текущо местоположение) Дата на вписване в системата Местоположение - отдел Цена в лева Инвентарен номер Систематично азбучна сигнатура Баркод Цена в евро Служебен тип на артикула
  Не е изгубен Universal Decimal Classification Не е повреден заемане за дома 974682 Регионална библиотека "Любен Каравелов" Русе Регионална библиотека "Любен Каравелов" Русе Заемна - подръчен фонд 2025-06-04 Заемна - подръчен фонд 22.00 120000920102 821.163.2-4/К 50 Д 120000920102 11.25 Книги
Vip Innovations Ltd, Rousse, Bulgaria 2025